Artistes canadiens les plus écoutés sur Spotify - Statistiques

Statistiques générales
  • Ce quiz a été pris 61 fois
    39 depuis la dernière actualisation
  • Le résultat moyen est 4 sur 20
Statistiques - réponses
Nb d'auditeurs/mois Artiste N° dans
le monde
% Correct
73 890 000 Justin Bieber 8
89%
82 905 000 Drake 3
71%
105 905 000 The Weeknd 1
66%
13 040 000 Céline Dion 571
60%
40 255 000 Tate McRae 62
17%
19 075 000 Avril Lavigne 321
14%
43 805 000 Shawn Mendes 53
14%
15 760 000 Shania Twain 448
11%
7 450 000 Simple Plan 1246
9%
17 690 000 Alessia Cara 368
6%
19 105 000 Bryan Adams 318
6%
16 760 000 Carly Rae Jepsen 400
6%
13 460 000 Michael Bublé 543
6%
25 685 000 Nelly Furtado 177
3%
16 225 000 Nickelback 426
3%
20 815 000 PARTYNEXTDOOR 273
3%
9 970 000 Sum 41 842
3%
11 465 000 NAV 683
0%
9 930 000 Three Days Grace 848
0%
24 710 000 Tory Lanez 189
0%
Aucun quiz correspondant
Distribution des résultats
% des personnes avec chaque résultat
Percentile par nombre de réponses
Votre historique - résultats
Vous n’avez pas pris ce quiz depuis la dernière actualisation